Central Library OPAC University of Rajshahi

Optical masers / (Record no. 9004)

MARC details
000 -LEADER
fixed length control field 00761nam a2200253 a 4500
001 - CONTROL NUMBER
control field 9004
003 - CONTROL NUMBER IDENTIFIER
rucl marc code BD-RjUL
005 - DATE AND TIME OF LATEST TRANSACTION
control field 20211208234710.0
008 - FIXED-LENGTH DATA ELEMENTS--GENERAL INFORMATION
fixed length control field 160922s1964 nyua 00110 eng d
035 ## - SYSTEM CONTROL NUMBER
System control number (BD-RjUL)9049
040 ## - CATALOGING SOURCE
Original cataloging agency ANL
Transcribing agency ANL
Language of cataloging eng
Modifying agency BD-RjUL
041 ## - LANGUAGE CODE
Language code of text/sound track or separate title eng
082 ## - DEWEY DECIMAL CLASSIFICATION NUMBER
Edition number 23
Classification number 621.366
Author mark and year HEO 1964
100 1# - MAIN ENTRY--PERSONAL NAME
Personal name Heavens, O. S.
9 (RLIN) 157243
245 10 - TITLE STATEMENT
Title Optical masers /
Statement of responsibility, etc. O.S. Heavens.
260 ## - PUBLICATION, DISTRIBUTION, ETC. (IMPRINT)
Place of publication, distribution, etc. London ;
-- New York :
Name of publisher, distributor, etc. Methuen ; John Wiley & Sons,
Date of publication, distribution, etc. c1964.
300 ## - PHYSICAL DESCRIPTION
Pagination viii, 103 p. :
Illustrations ill. ;
Size 21 cm..
490 ## - SERIES STATEMENT
Series statement Methuen's monographs on physical subjects.
500 ## - GENERAL NOTE
General note Includes index.
650 ## - SUBJECT ADDED ENTRY--TOPICAL TERM
Topical term or geographic name as entry element Lasers.
9 (RLIN) 157244
Topical term or geographic name as entry element Masers.
9 (RLIN) 157245
830 ## - SERIES ADDED ENTRY--UNIFORM TITLE
Uniform title Methuen's monographs on physical subjects.
942 ## - ADDED ENTRY ELEMENTS (KOHA)
Source of classification or shelving scheme Dewey Decimal Classification
Koha item type Books
Holdings
Lost status Source of classification or shelving scheme Damaged status Not for loan Collection code Permanent Location Current Location Shelving location Date acquired Source of acquisition Cost, normal purchase price Total Checkouts Full call number Date last seen Copy number Koha item type
  Dewey Decimal Classification     Non-fiction Central Library, University of Rajshahi Central Library, University of Rajshahi   14/12/1967 Book View, Dacca 16.00   621.366 HEO 1964 22/09/2016 C-2 Books